|
|
|
|
| LEADER |
00000nam2a2200000 4500 |
| 001 |
267289 |
| 005 |
20231101234054.0 |
| 035 |
|
|
|a (RuTPU)RU\TPU\book\290345
|
| 035 |
|
|
|a RU\TPU\book\272637
|
| 035 |
|
|
|a RU\TPU\book\272636
|
| 090 |
|
|
|a 267289
|
| 100 |
|
|
|a 20140725d1987 k y0rusy50 ca
|
| 101 |
0 |
|
|a rus
|
| 102 |
|
|
|a UA
|
| 105 |
|
|
|a a z 001zy
|
| 200 |
0 |
|
|a Вып. 15
|f отв. ред. С. Т. Вознюк
|
| 210 |
|
|
|d 1987
|
| 215 |
|
|
|a 119 с.
|c ил.
|
| 320 |
|
|
|a Библиогр. в конце ст.
|
| 461 |
|
1 |
|0 (RuTPU)RU\TPU\book\244835
|t Гидромелиорация и гидротехническое строительство
|o республиканский межведомственный научно-технический сборник
|f Украинский институт инженеров водного транспорта
|v Вып. 15
|d 1974-1990
|
| 606 |
1 |
|
|a Гидромелиорация
|2 stltpush
|3 (RuTPU)RU\TPU\subj\38662
|9 59035
|
| 610 |
1 |
|
|a гидравлика
|
| 610 |
1 |
|
|a гидротехническое строительство
|
| 610 |
1 |
|
|a водоснабжение
|
| 610 |
1 |
|
|a канализация
|
| 610 |
1 |
|
|a водные ресурсы
|
| 610 |
1 |
|
|a воды
|
| 610 |
1 |
|
|a строительные материалы
|
| 610 |
1 |
|
|a гидрология
|
| 610 |
1 |
|
|a гидрогеология
|
| 610 |
1 |
|
|a охрана
|
| 675 |
|
|
|a 626.8
|v 3
|
| 702 |
|
1 |
|a Вознюк
|b С. Т.
|4 340
|
| 801 |
|
1 |
|a RU
|b 63413507
|c 20140210
|
| 801 |
|
2 |
|a RU
|b 63413507
|c 20170208
|g RCR
|
| 942 |
|
|
|c BK
|